El diamante de la inquietud (Record no. 111623)

MARC details
000 -LEADER
campo de control de longitud fija 00561nam a2200181 i 4500
001 - NÚMERO DE CONTROL
campo de control 111623
003 - IDENTIFICADOR DE NÚMERO DE CONTROL
campo de control ES-MaACL
005 - FECHA Y HORA DE LA ÚLTIMA TRANSACCIÓN
campo de control 20250920063054.0
007 - CAMPO FIJO DE DESCRIPCIÓN FÍSICA--INFORMACIÓN GENERAL
campo de control de longitud fija t|
008 - DATOS DE LONGITUD FIJA--INFORMACIÓN GENERAL
campo de control de longitud fija 061121q1920 sp |||| | spa d
100 1# - ENTRADA PRINCIPAL--NOMBRE DE PERSONA
Nombre de persona Nervo, Amado,
Fechas asociadas al nombre 1870-1919
9 (RLIN) 85404
245 13 - MENCIÓN DEL TÍTULO
Título El diamante de la inquietud
Resto del título : (novelas) /
Mención de responsabilidad, etc. Amado Nervo ; prólogo de Alfonso Reyes.
260 ## - PUBLICACIÓN, DISTRIBUCIÓN, ETC.
Lugar de publicación, distribución, etc. Madrid :
Nombre del editor, distribuidor, etc. Biblioteca Nueva,
Fecha de publicación, distribución, etc. [ca. 1920]
300 ## - DESCRIPCIÓN FÍSICA
Extensión 258 p. ;
Dimensiones 19 cm.
700 1# - ENTRADA AGREGADA--NOMBRE PERSONAL
Nombre de persona Reyes, Alfonso,
Fechas asociadas al nombre 1889-1959
9 (RLIN) 96554
852 ## - LOCALIZACIÓN
Ubicación ES-MaACL
Número de control de estantería F-12135
Holdings
Estatus retirado Estado de pérdida Estado de daño No para préstamo Biblioteca de origen Biblioteca actual Ubicación en estantería Fecha de adquisición Fuente de adquisición Total de préstamos Signatura topográfica completa Código de barras Visto por última vez Precio de reemplazo Tipo de ítem Koha
        Biblioteca del Ateneo de Madrid Biblioteca del Ateneo de Madrid Sala Pecera Planta 2 17/01/2008     F-12135 1116445 23/02/2023 23/02/2023 Libro impreso